000 01113nam a2200277 i 4500
001 768714001
003 CO-MdFUSB
005 20220818155442.0
007 ta
008 220818t1991 ck |||| |||| 00| 0 spa d
040 _aCO-MdFUSB
_bspa
_cCO-MdFUSB
_dCO-MdFUSBC
_erda
041 _aspa
082 _223
_a264
_bD594
110 _aFundación Universitaria Seminario Bíblico de Colombia,
245 1 _aA Dios sea la gloria :
_bhimnario del Seminario Biblico de Colombia
_c/ Seminario Bíblico de Colombia
264 0 _aMedellín, Colombia :
_bSeminario Bíblico de Colombia,
_c[1991]
300 _a144 páginas
_c; 23 cm
336 _2rdacontent
_atexto
_btxt
337 _2rdamedia
_asin mediación
_bn
338 _2rdacarrier
_avolumen
_bnc
505 _aAlabanza. -- confesión. -- Adoración. -- Súplica. -- Consolación. -- Comunión fraternal. - Compromiso cristiano. -- Testimonio. -- Santa Cena. -- Llamamiento evangelístico. -- Navidad. -- Misión cristiana. -- Sagradas Escrituras. -- Esperanza futura.
563 _aRústico
650 0 _91066
_aAdoración
942 _cBK
945 _aJTF-925
999 _c68074
_d68074